<?xml version="1.0" encoding="UTF-8"?>
<record
    xmlns:xsi="http://www.w3.org/2001/XMLSchema-instance"
    xsi:schemaLocation="http://www.loc.gov/MARC21/slim http://www.loc.gov/standards/marcxml/schema/MARC21slim.xsd"
    xmlns="http://www.loc.gov/MARC21/slim">

  <leader>01317nas a2200253 454500</leader>
  <controlfield tag="001">558</controlfield>
  <controlfield tag="005">20260407193503.0</controlfield>
  <controlfield tag="008">260407s2004####ag###########|||spa#d</controlfield>
  <controlfield tag="003">AR-UNSa-BCEJYS</controlfield>
  <datafield tag="040" ind1=" " ind2=" ">
    <subfield code="a">AR-UNSa-BCEJYS</subfield>
    <subfield code="b">spa</subfield>
    <subfield code="c">AR-UNSa-BCEJYS</subfield>
  </datafield>
  <datafield tag="080" ind1=" " ind2=" ">
    <subfield code="a">65</subfield>
    <subfield code="x">Gesti&#xF3;n y organizaci&#xF3;n de la industria, el comercio y las comunicaciones</subfield>
  </datafield>
  <datafield tag="245" ind1="1" ind2="0">
    <subfield code="a">Emprender</subfield>
    <subfield code="p">revista mensual de empresas y negocios</subfield>
  </datafield>
  <datafield tag="264" ind1=" " ind2="1">
    <subfield code="c">2004</subfield>
  </datafield>
  <datafield tag="310" ind1=" " ind2=" ">
    <subfield code="a">Frecuencia: Mensual
Cambia de Director a partir del A&#xF1;o 10, N&#xBA; 97 por Ana Villada</subfield>
  </datafield>
  <datafield tag="505" ind1=" " ind2=" ">
    <subfield code="a">Comunica mensualmente el quehacer de los emprendedores de Salta y Jujuy de manera tem&#xE1;tica. Mes a mes, se selecciona un sector o una zona geogr&#xE1;fica para reflejar, a trav&#xE9;s de sus protagonistas, su desarrollo y crecimiento. Esto se complementa con secciones, que con una propuesta amena, invitan a los lectores a leer, hacer shopping, descubrir hobbies, degustar platos gourmet, conocer programas de Responsabilidad Social Empresaria o el trabajo de salte&#xF1;os y juje&#xF1;os por el mundo.</subfield>
  </datafield>
  <datafield tag="041" ind1=" " ind2=" ">
    <subfield code="a">spa</subfield>
  </datafield>
  <datafield tag="942" ind1=" " ind2=" ">
    <subfield code="c">SER</subfield>
  </datafield>
  <datafield tag="590" ind1=" " ind2=" ">
    <subfield code="a">niveau_biblio:s niveau_hierar:1</subfield>
  </datafield>
  <datafield tag="100" ind1="1" ind2=" ">
    <subfield code="a">Villada, Ricardo</subfield>
  </datafield>
  <datafield tag="650" ind1=" " ind2=" ">
    <subfield code="a">EMPRESAS</subfield>
  </datafield>
  <datafield tag="650" ind1=" " ind2=" ">
    <subfield code="a">Salta</subfield>
  </datafield>
  <datafield tag="650" ind1=" " ind2=" ">
    <subfield code="a">ECONOMIA</subfield>
  </datafield>
  <datafield tag="856" ind1="4" ind2="1">
    <subfield code="u">https://biblioeco.unsa.edu.ar/pmb/images/revistas/Emprender.jpg</subfield>
    <subfield code="y">Imagen de portada</subfield>
    <subfield code="q">image/jpeg</subfield>
  </datafield>
  <datafield tag="999" ind1=" " ind2=" ">
    <subfield code="c">8369</subfield>
    <subfield code="d">8369</subfield>
  </datafield>
  <datafield tag="952" ind1=" " ind2=" ">
    <subfield code="0">0</subfield>
    <subfield code="1">0</subfield>
    <subfield code="4">0</subfield>
    <subfield code="7">0</subfield>
    <subfield code="a">BCEJYS</subfield>
    <subfield code="b">BCEJYS</subfield>
    <subfield code="c">17</subfield>
    <subfield code="d">2015-01-01</subfield>
    <subfield code="h">A&#xF1;o 11, N&#xBA; 103 - ene. 2015</subfield>
    <subfield code="l">0</subfield>
    <subfield code="o">H65 EMP 103</subfield>
    <subfield code="p">R14536</subfield>
    <subfield code="r">2026-04-10 16:06:06</subfield>
    <subfield code="w">2026-04-10</subfield>
    <subfield code="y">RN</subfield>
  </datafield>
  <datafield tag="952" ind1=" " ind2=" ">
    <subfield code="0">0</subfield>
    <subfield code="1">0</subfield>
    <subfield code="4">0</subfield>
    <subfield code="7">0</subfield>
    <subfield code="a">BCEJYS</subfield>
    <subfield code="b">BCEJYS</subfield>
    <subfield code="c">17</subfield>
    <subfield code="d">2014-12-01</subfield>
    <subfield code="h">A&#xF1;o 11, N&#xBA; 102 - dic. 2014</subfield>
    <subfield code="l">0</subfield>
    <subfield code="o">H65 EMP 102</subfield>
    <subfield code="p">R13770</subfield>
    <subfield code="r">2026-04-10 16:06:06</subfield>
    <subfield code="w">2026-04-10</subfield>
    <subfield code="y">RN</subfield>
  </datafield>
  <datafield tag="952" ind1=" " ind2=" ">
    <subfield code="0">0</subfield>
    <subfield code="1">0</subfield>
    <subfield code="4">0</subfield>
    <subfield code="7">0</subfield>
    <subfield code="a">BCEJYS</subfield>
    <subfield code="b">BCEJYS</subfield>
    <subfield code="c">17</subfield>
    <subfield code="d">2014-11-01</subfield>
    <subfield code="h">A&#xF1;o 10, N&#xBA; 101 - nov. 2014</subfield>
    <subfield code="l">0</subfield>
    <subfield code="o">H65 EMP 101</subfield>
    <subfield code="p">R13408</subfield>
    <subfield code="r">2026-04-10 16:06:06</subfield>
    <subfield code="w">2026-04-10</subfield>
    <subfield code="y">RN</subfield>
  </datafield>
  <datafield tag="952" ind1=" " ind2=" ">
    <subfield code="0">0</subfield>
    <subfield code="1">0</subfield>
    <subfield code="4">0</subfield>
    <subfield code="7">0</subfield>
    <subfield code="a">BCEJYS</subfield>
    <subfield code="b">BCEJYS</subfield>
    <subfield code="c">17</subfield>
    <subfield code="d">2014-10-01</subfield>
    <subfield code="h">A&#xF1;o 10, N&#xBA; 100 - oct. 2014</subfield>
    <subfield code="l">0</subfield>
    <subfield code="o">H65 EMP 100</subfield>
    <subfield code="p">R13251</subfield>
    <subfield code="r">2026-04-10 16:06:06</subfield>
    <subfield code="w">2026-04-10</subfield>
    <subfield code="y">RN</subfield>
  </datafield>
  <datafield tag="952" ind1=" " ind2=" ">
    <subfield code="0">0</subfield>
    <subfield code="1">0</subfield>
    <subfield code="4">0</subfield>
    <subfield code="7">0</subfield>
    <subfield code="a">BCEJYS</subfield>
    <subfield code="b">BCEJYS</subfield>
    <subfield code="c">17</subfield>
    <subfield code="d">2014-09-01</subfield>
    <subfield code="h">A&#xF1;o 10, N&#xBA; 99 - sep. 2014</subfield>
    <subfield code="l">0</subfield>
    <subfield code="o">H65 EMP 99</subfield>
    <subfield code="p">R12581</subfield>
    <subfield code="r">2026-04-10 16:06:06</subfield>
    <subfield code="w">2026-04-10</subfield>
    <subfield code="y">RN</subfield>
  </datafield>
  <datafield tag="952" ind1=" " ind2=" ">
    <subfield code="0">0</subfield>
    <subfield code="1">0</subfield>
    <subfield code="4">0</subfield>
    <subfield code="7">0</subfield>
    <subfield code="a">BCEJYS</subfield>
    <subfield code="b">BCEJYS</subfield>
    <subfield code="c">17</subfield>
    <subfield code="d">2014-08-01</subfield>
    <subfield code="h">A&#xF1;o 10, N&#xBA; 98 - ago. 2014</subfield>
    <subfield code="l">0</subfield>
    <subfield code="o">H65 EMP 98</subfield>
    <subfield code="p">R12250</subfield>
    <subfield code="r">2026-04-10 16:06:06</subfield>
    <subfield code="w">2026-04-10</subfield>
    <subfield code="y">RN</subfield>
  </datafield>
  <datafield tag="952" ind1=" " ind2=" ">
    <subfield code="0">0</subfield>
    <subfield code="1">0</subfield>
    <subfield code="4">0</subfield>
    <subfield code="7">0</subfield>
    <subfield code="a">BCEJYS</subfield>
    <subfield code="b">BCEJYS</subfield>
    <subfield code="c">17</subfield>
    <subfield code="d">2014-07-01</subfield>
    <subfield code="h">A&#xF1;o 10, N&#xBA; 97 - jul. 2014</subfield>
    <subfield code="l">0</subfield>
    <subfield code="o">H65 EMP 97</subfield>
    <subfield code="p">R11856</subfield>
    <subfield code="r">2026-04-10 16:06:06</subfield>
    <subfield code="w">2026-04-10</subfield>
    <subfield code="y">RN</subfield>
  </datafield>
  <datafield tag="952" ind1=" " ind2=" ">
    <subfield code="0">0</subfield>
    <subfield code="1">0</subfield>
    <subfield code="4">0</subfield>
    <subfield code="7">0</subfield>
    <subfield code="a">BCEJYS</subfield>
    <subfield code="b">BCEJYS</subfield>
    <subfield code="c">17</subfield>
    <subfield code="d">2014-05-01</subfield>
    <subfield code="h">A&#xF1;o 10, N&#xBA; 95 - mayo 2014</subfield>
    <subfield code="l">0</subfield>
    <subfield code="o">H65 EMP 95</subfield>
    <subfield code="p">R11027</subfield>
    <subfield code="r">2026-04-10 16:06:06</subfield>
    <subfield code="w">2026-04-10</subfield>
    <subfield code="y">RN</subfield>
  </datafield>
  <datafield tag="952" ind1=" " ind2=" ">
    <subfield code="0">0</subfield>
    <subfield code="1">0</subfield>
    <subfield code="4">0</subfield>
    <subfield code="7">0</subfield>
    <subfield code="a">BCEJYS</subfield>
    <subfield code="b">BCEJYS</subfield>
    <subfield code="c">17</subfield>
    <subfield code="d">2013-10-01</subfield>
    <subfield code="h">A&#xF1;o 9, N&#xBA; 94 - oct. 2013</subfield>
    <subfield code="l">0</subfield>
    <subfield code="o">H65 EMP 94</subfield>
    <subfield code="p">R09981</subfield>
    <subfield code="r">2026-04-10 16:06:06</subfield>
    <subfield code="w">2026-04-10</subfield>
    <subfield code="y">RN</subfield>
  </datafield>
  <datafield tag="952" ind1=" " ind2=" ">
    <subfield code="0">0</subfield>
    <subfield code="1">0</subfield>
    <subfield code="4">0</subfield>
    <subfield code="7">0</subfield>
    <subfield code="a">BCEJYS</subfield>
    <subfield code="b">BCEJYS</subfield>
    <subfield code="c">17</subfield>
    <subfield code="d">2013-05-01</subfield>
    <subfield code="h">A&#xF1;o 9, N&#xBA; 90 - mayo 2013</subfield>
    <subfield code="l">0</subfield>
    <subfield code="o">H65 EMP 90</subfield>
    <subfield code="p">R08175</subfield>
    <subfield code="r">2026-04-10 16:06:06</subfield>
    <subfield code="w">2026-04-10</subfield>
    <subfield code="y">RN</subfield>
  </datafield>
  <datafield tag="952" ind1=" " ind2=" ">
    <subfield code="0">0</subfield>
    <subfield code="1">0</subfield>
    <subfield code="4">0</subfield>
    <subfield code="7">0</subfield>
    <subfield code="a">BCEJYS</subfield>
    <subfield code="b">BCEJYS</subfield>
    <subfield code="c">17</subfield>
    <subfield code="d">2013-03-01</subfield>
    <subfield code="h">A&#xF1;o 9, N&#xBA; 88 - mar.2013</subfield>
    <subfield code="l">0</subfield>
    <subfield code="o">H65 EMP 88</subfield>
    <subfield code="p">R06469</subfield>
    <subfield code="r">2026-04-10 16:06:06</subfield>
    <subfield code="w">2026-04-10</subfield>
    <subfield code="y">RN</subfield>
  </datafield>
  <datafield tag="952" ind1=" " ind2=" ">
    <subfield code="0">0</subfield>
    <subfield code="1">0</subfield>
    <subfield code="4">0</subfield>
    <subfield code="7">0</subfield>
    <subfield code="a">BCEJYS</subfield>
    <subfield code="b">BCEJYS</subfield>
    <subfield code="c">17</subfield>
    <subfield code="d">2012-09-01</subfield>
    <subfield code="h">A&#xF1;o 8, N&#xBA; 85 - sep. 2012</subfield>
    <subfield code="l">0</subfield>
    <subfield code="o">H65 EMP 85</subfield>
    <subfield code="p">R04987</subfield>
    <subfield code="r">2026-04-10 16:06:06</subfield>
    <subfield code="w">2026-04-10</subfield>
    <subfield code="y">RN</subfield>
  </datafield>
  <datafield tag="952" ind1=" " ind2=" ">
    <subfield code="0">0</subfield>
    <subfield code="1">0</subfield>
    <subfield code="4">0</subfield>
    <subfield code="7">0</subfield>
    <subfield code="a">BCEJYS</subfield>
    <subfield code="b">BCEJYS</subfield>
    <subfield code="c">17</subfield>
    <subfield code="d">2012-08-01</subfield>
    <subfield code="h">A&#xF1;o 8, N&#xBA; 84 - ago. 2012</subfield>
    <subfield code="l">0</subfield>
    <subfield code="o">H65 EMP 84</subfield>
    <subfield code="p">R04986</subfield>
    <subfield code="r">2026-04-10 16:06:06</subfield>
    <subfield code="w">2026-04-10</subfield>
    <subfield code="y">RN</subfield>
  </datafield>
  <datafield tag="952" ind1=" " ind2=" ">
    <subfield code="0">0</subfield>
    <subfield code="1">0</subfield>
    <subfield code="4">0</subfield>
    <subfield code="7">0</subfield>
    <subfield code="a">BCEJYS</subfield>
    <subfield code="b">BCEJYS</subfield>
    <subfield code="c">17</subfield>
    <subfield code="d">2012-08-01</subfield>
    <subfield code="h">A&#xF1;o 8, N&#xBA; 84 - ago. 2012</subfield>
    <subfield code="l">0</subfield>
    <subfield code="o">H65 EMP 84 Ej.2</subfield>
    <subfield code="p">R05010</subfield>
    <subfield code="r">2026-04-10 16:06:06</subfield>
    <subfield code="w">2026-04-10</subfield>
    <subfield code="y">RN</subfield>
  </datafield>
  <datafield tag="952" ind1=" " ind2=" ">
    <subfield code="0">0</subfield>
    <subfield code="1">0</subfield>
    <subfield code="4">0</subfield>
    <subfield code="7">0</subfield>
    <subfield code="a">BCEJYS</subfield>
    <subfield code="b">BCEJYS</subfield>
    <subfield code="c">17</subfield>
    <subfield code="d">2012-07-01</subfield>
    <subfield code="h">A&#xF1;o 8, N&#xBA; 83 - jul. 2012</subfield>
    <subfield code="l">0</subfield>
    <subfield code="o">H65 EMP 83</subfield>
    <subfield code="p">R04420</subfield>
    <subfield code="r">2026-04-10 16:06:06</subfield>
    <subfield code="w">2026-04-10</subfield>
    <subfield code="y">RN</subfield>
  </datafield>
  <datafield tag="952" ind1=" " ind2=" ">
    <subfield code="0">0</subfield>
    <subfield code="1">0</subfield>
    <subfield code="4">0</subfield>
    <subfield code="7">0</subfield>
    <subfield code="a">BCEJYS</subfield>
    <subfield code="b">BCEJYS</subfield>
    <subfield code="c">17</subfield>
    <subfield code="d">2012-06-01</subfield>
    <subfield code="h">A&#xF1;o 8, N&#xBA; 82 - jun. 2012</subfield>
    <subfield code="l">0</subfield>
    <subfield code="o">H65 EMP 82</subfield>
    <subfield code="p">R04021</subfield>
    <subfield code="r">2026-04-10 16:06:06</subfield>
    <subfield code="w">2026-04-10</subfield>
    <subfield code="y">RN</subfield>
  </datafield>
  <datafield tag="952" ind1=" " ind2=" ">
    <subfield code="0">0</subfield>
    <subfield code="1">0</subfield>
    <subfield code="4">0</subfield>
    <subfield code="7">0</subfield>
    <subfield code="a">BCEJYS</subfield>
    <subfield code="b">BCEJYS</subfield>
    <subfield code="c">17</subfield>
    <subfield code="d">2012-05-01</subfield>
    <subfield code="h">A&#xF1;o 8, N&#xBA; 81 - may. 2012</subfield>
    <subfield code="l">0</subfield>
    <subfield code="o">H65 EMP 81</subfield>
    <subfield code="p">R03978</subfield>
    <subfield code="r">2026-04-10 16:06:06</subfield>
    <subfield code="w">2026-04-10</subfield>
    <subfield code="y">RN</subfield>
  </datafield>
  <datafield tag="952" ind1=" " ind2=" ">
    <subfield code="0">0</subfield>
    <subfield code="1">0</subfield>
    <subfield code="4">0</subfield>
    <subfield code="7">0</subfield>
    <subfield code="a">BCEJYS</subfield>
    <subfield code="b">BCEJYS</subfield>
    <subfield code="c">17</subfield>
    <subfield code="d">2012-04-01</subfield>
    <subfield code="h">A&#xF1;o 8, N&#xBA; 80 - abr. 2012</subfield>
    <subfield code="l">0</subfield>
    <subfield code="o">H65 EMP 80</subfield>
    <subfield code="p">R03971</subfield>
    <subfield code="r">2026-04-10 16:06:06</subfield>
    <subfield code="w">2026-04-10</subfield>
    <subfield code="y">RN</subfield>
  </datafield>
  <datafield tag="952" ind1=" " ind2=" ">
    <subfield code="0">0</subfield>
    <subfield code="1">0</subfield>
    <subfield code="4">0</subfield>
    <subfield code="7">0</subfield>
    <subfield code="a">BCEJYS</subfield>
    <subfield code="b">BCEJYS</subfield>
    <subfield code="c">17</subfield>
    <subfield code="d">2012-03-01</subfield>
    <subfield code="h">A&#xF1;o 8, N&#xBA; 79 - mar. 2012</subfield>
    <subfield code="l">0</subfield>
    <subfield code="o">H65 EMP 79</subfield>
    <subfield code="p">R03935</subfield>
    <subfield code="r">2026-04-10 16:06:06</subfield>
    <subfield code="w">2026-04-10</subfield>
    <subfield code="y">RN</subfield>
  </datafield>
  <datafield tag="952" ind1=" " ind2=" ">
    <subfield code="0">0</subfield>
    <subfield code="1">0</subfield>
    <subfield code="4">0</subfield>
    <subfield code="7">0</subfield>
    <subfield code="a">BCEJYS</subfield>
    <subfield code="b">BCEJYS</subfield>
    <subfield code="c">17</subfield>
    <subfield code="d">2011-12-01</subfield>
    <subfield code="h">A&#xF1;o 7, N&#xBA; 78 - dic. 2011</subfield>
    <subfield code="l">0</subfield>
    <subfield code="o">H65 EMP 78</subfield>
    <subfield code="p">R03481</subfield>
    <subfield code="r">2026-04-10 16:06:06</subfield>
    <subfield code="w">2026-04-10</subfield>
    <subfield code="y">RN</subfield>
  </datafield>
  <datafield tag="952" ind1=" " ind2=" ">
    <subfield code="0">0</subfield>
    <subfield code="1">0</subfield>
    <subfield code="4">0</subfield>
    <subfield code="7">0</subfield>
    <subfield code="a">BCEJYS</subfield>
    <subfield code="b">BCEJYS</subfield>
    <subfield code="c">17</subfield>
    <subfield code="d">2011-09-01</subfield>
    <subfield code="h">A&#xF1;o 7, N&#xBA; 75 - sep. 2011</subfield>
    <subfield code="l">0</subfield>
    <subfield code="o">H65 EMP 75</subfield>
    <subfield code="p">R03364</subfield>
    <subfield code="r">2026-04-10 16:06:06</subfield>
    <subfield code="w">2026-04-10</subfield>
    <subfield code="y">RN</subfield>
  </datafield>
  <datafield tag="952" ind1=" " ind2=" ">
    <subfield code="0">0</subfield>
    <subfield code="1">0</subfield>
    <subfield code="4">0</subfield>
    <subfield code="7">0</subfield>
    <subfield code="a">BCEJYS</subfield>
    <subfield code="b">BCEJYS</subfield>
    <subfield code="c">17</subfield>
    <subfield code="d">2011-03-01</subfield>
    <subfield code="h">A&#xF1;o 7, N&#xBA; 70 - mar. 2011</subfield>
    <subfield code="l">0</subfield>
    <subfield code="o">H65 EMP 70</subfield>
    <subfield code="p">R03018</subfield>
    <subfield code="r">2026-04-10 16:06:06</subfield>
    <subfield code="w">2026-04-10</subfield>
    <subfield code="y">RN</subfield>
  </datafield>
  <datafield tag="952" ind1=" " ind2=" ">
    <subfield code="0">0</subfield>
    <subfield code="1">0</subfield>
    <subfield code="4">0</subfield>
    <subfield code="7">0</subfield>
    <subfield code="a">BCEJYS</subfield>
    <subfield code="b">BCEJYS</subfield>
    <subfield code="c">17</subfield>
    <subfield code="d">2011-03-01</subfield>
    <subfield code="h">A&#xF1;o 7, N&#xBA; 70 - mar. 2011</subfield>
    <subfield code="l">0</subfield>
    <subfield code="o">H65 EMP 70 Ej.2</subfield>
    <subfield code="p">R03982</subfield>
    <subfield code="r">2026-04-10 16:06:06</subfield>
    <subfield code="w">2026-04-10</subfield>
    <subfield code="y">RN</subfield>
  </datafield>
  <datafield tag="952" ind1=" " ind2=" ">
    <subfield code="0">0</subfield>
    <subfield code="1">0</subfield>
    <subfield code="4">0</subfield>
    <subfield code="7">0</subfield>
    <subfield code="a">BCEJYS</subfield>
    <subfield code="b">BCEJYS</subfield>
    <subfield code="c">17</subfield>
    <subfield code="d">2010-10-01</subfield>
    <subfield code="h">A&#xF1;o 6, N&#xBA; 67 - oct. 2010</subfield>
    <subfield code="l">0</subfield>
    <subfield code="o">H65 EMP 67</subfield>
    <subfield code="p">R19816</subfield>
    <subfield code="r">2026-04-10 16:06:06</subfield>
    <subfield code="w">2026-04-10</subfield>
    <subfield code="y">RN</subfield>
  </datafield>
  <datafield tag="952" ind1=" " ind2=" ">
    <subfield code="0">0</subfield>
    <subfield code="1">0</subfield>
    <subfield code="4">0</subfield>
    <subfield code="7">0</subfield>
    <subfield code="a">BCEJYS</subfield>
    <subfield code="b">BCEJYS</subfield>
    <subfield code="c">17</subfield>
    <subfield code="d">2010-09-01</subfield>
    <subfield code="h">A&#xF1;o 6, N&#xBA; 66 - sep. 2010</subfield>
    <subfield code="l">0</subfield>
    <subfield code="o">H65 EMP 66</subfield>
    <subfield code="p">R02467</subfield>
    <subfield code="r">2026-04-10 16:06:06</subfield>
    <subfield code="w">2026-04-10</subfield>
    <subfield code="y">RN</subfield>
  </datafield>
  <datafield tag="952" ind1=" " ind2=" ">
    <subfield code="0">0</subfield>
    <subfield code="1">0</subfield>
    <subfield code="4">0</subfield>
    <subfield code="7">0</subfield>
    <subfield code="a">BCEJYS</subfield>
    <subfield code="b">BCEJYS</subfield>
    <subfield code="c">17</subfield>
    <subfield code="d">2010-08-01</subfield>
    <subfield code="h">A&#xF1;o 6, N&#xBA; 65 - ago. 2010</subfield>
    <subfield code="l">0</subfield>
    <subfield code="o">H65 EMP 65</subfield>
    <subfield code="p">R02452</subfield>
    <subfield code="r">2026-04-10 16:06:06</subfield>
    <subfield code="w">2026-04-10</subfield>
    <subfield code="y">RN</subfield>
  </datafield>
  <datafield tag="952" ind1=" " ind2=" ">
    <subfield code="0">0</subfield>
    <subfield code="1">0</subfield>
    <subfield code="4">0</subfield>
    <subfield code="7">0</subfield>
    <subfield code="a">BCEJYS</subfield>
    <subfield code="b">BCEJYS</subfield>
    <subfield code="c">17</subfield>
    <subfield code="d">2010-07-01</subfield>
    <subfield code="h">A&#xF1;o 6, N&#xBA; 64 - jul. 2010</subfield>
    <subfield code="l">0</subfield>
    <subfield code="o">H65 EMP 64</subfield>
    <subfield code="p">R02451</subfield>
    <subfield code="r">2026-04-10 16:06:06</subfield>
    <subfield code="w">2026-04-10</subfield>
    <subfield code="y">RN</subfield>
  </datafield>
  <datafield tag="952" ind1=" " ind2=" ">
    <subfield code="0">0</subfield>
    <subfield code="1">0</subfield>
    <subfield code="4">0</subfield>
    <subfield code="7">0</subfield>
    <subfield code="a">BCEJYS</subfield>
    <subfield code="b">BCEJYS</subfield>
    <subfield code="c">17</subfield>
    <subfield code="d">2010-06-01</subfield>
    <subfield code="h">A&#xF1;o 6, N&#xBA; 63 - jun. 2010</subfield>
    <subfield code="l">0</subfield>
    <subfield code="o">H65 EMP 63</subfield>
    <subfield code="p">R02440</subfield>
    <subfield code="r">2026-04-10 16:06:06</subfield>
    <subfield code="w">2026-04-10</subfield>
    <subfield code="y">RN</subfield>
  </datafield>
  <datafield tag="952" ind1=" " ind2=" ">
    <subfield code="0">0</subfield>
    <subfield code="1">0</subfield>
    <subfield code="4">0</subfield>
    <subfield code="7">0</subfield>
    <subfield code="a">BCEJYS</subfield>
    <subfield code="b">BCEJYS</subfield>
    <subfield code="c">17</subfield>
    <subfield code="d">2010-05-01</subfield>
    <subfield code="h">A&#xF1;o 6, N&#xBA; 62 - may. 2010</subfield>
    <subfield code="l">0</subfield>
    <subfield code="o">H65 EMP 62</subfield>
    <subfield code="p">R02428</subfield>
    <subfield code="r">2026-04-10 16:06:06</subfield>
    <subfield code="w">2026-04-10</subfield>
    <subfield code="y">RN</subfield>
  </datafield>
  <datafield tag="952" ind1=" " ind2=" ">
    <subfield code="0">0</subfield>
    <subfield code="1">0</subfield>
    <subfield code="4">0</subfield>
    <subfield code="7">0</subfield>
    <subfield code="a">BCEJYS</subfield>
    <subfield code="b">BCEJYS</subfield>
    <subfield code="c">17</subfield>
    <subfield code="d">2010-04-01</subfield>
    <subfield code="h">A&#xF1;o 6, N&#xBA; 61 - abr. 2010</subfield>
    <subfield code="l">0</subfield>
    <subfield code="o">H65 EMP 61</subfield>
    <subfield code="p">R02427</subfield>
    <subfield code="r">2026-04-10 16:06:06</subfield>
    <subfield code="w">2026-04-10</subfield>
    <subfield code="y">RN</subfield>
  </datafield>
  <datafield tag="952" ind1=" " ind2=" ">
    <subfield code="0">0</subfield>
    <subfield code="1">0</subfield>
    <subfield code="4">0</subfield>
    <subfield code="7">0</subfield>
    <subfield code="a">BCEJYS</subfield>
    <subfield code="b">BCEJYS</subfield>
    <subfield code="c">17</subfield>
    <subfield code="d">2009-12-01</subfield>
    <subfield code="h">A&#xF1;o 5, N&#xBA; 59 - dic. 2009</subfield>
    <subfield code="l">0</subfield>
    <subfield code="o">H65 EMP 59</subfield>
    <subfield code="p">R02375</subfield>
    <subfield code="r">2026-04-10 16:06:06</subfield>
    <subfield code="w">2026-04-10</subfield>
    <subfield code="y">RN</subfield>
  </datafield>
  <datafield tag="952" ind1=" " ind2=" ">
    <subfield code="0">0</subfield>
    <subfield code="1">0</subfield>
    <subfield code="4">0</subfield>
    <subfield code="7">0</subfield>
    <subfield code="a">BCEJYS</subfield>
    <subfield code="b">BCEJYS</subfield>
    <subfield code="c">17</subfield>
    <subfield code="d">2009-11-01</subfield>
    <subfield code="h">A&#xF1;o 5, N&#xBA; 58 - nov. 2009</subfield>
    <subfield code="l">0</subfield>
    <subfield code="o">H65 EMP 58</subfield>
    <subfield code="p">R02365</subfield>
    <subfield code="r">2026-04-10 16:06:06</subfield>
    <subfield code="w">2026-04-10</subfield>
    <subfield code="y">RN</subfield>
  </datafield>
  <datafield tag="952" ind1=" " ind2=" ">
    <subfield code="0">0</subfield>
    <subfield code="1">0</subfield>
    <subfield code="4">0</subfield>
    <subfield code="7">0</subfield>
    <subfield code="a">BCEJYS</subfield>
    <subfield code="b">BCEJYS</subfield>
    <subfield code="c">17</subfield>
    <subfield code="d">2009-10-01</subfield>
    <subfield code="h">A&#xF1;o 5, N&#xBA; 57 - oct. 2009</subfield>
    <subfield code="l">0</subfield>
    <subfield code="o">H65 EMP 57</subfield>
    <subfield code="p">R02364</subfield>
    <subfield code="r">2026-04-10 16:06:06</subfield>
    <subfield code="w">2026-04-10</subfield>
    <subfield code="y">RN</subfield>
  </datafield>
  <datafield tag="952" ind1=" " ind2=" ">
    <subfield code="0">0</subfield>
    <subfield code="1">0</subfield>
    <subfield code="4">0</subfield>
    <subfield code="7">0</subfield>
    <subfield code="a">BCEJYS</subfield>
    <subfield code="b">BCEJYS</subfield>
    <subfield code="c">17</subfield>
    <subfield code="d">2009-09-01</subfield>
    <subfield code="h">A&#xF1;o 5, N&#xBA; 56 - sep. 2009</subfield>
    <subfield code="l">0</subfield>
    <subfield code="o">H65 EMP 56</subfield>
    <subfield code="p">R02348</subfield>
    <subfield code="r">2026-04-10 16:06:06</subfield>
    <subfield code="w">2026-04-10</subfield>
    <subfield code="y">RN</subfield>
  </datafield>
  <datafield tag="952" ind1=" " ind2=" ">
    <subfield code="0">0</subfield>
    <subfield code="1">0</subfield>
    <subfield code="4">0</subfield>
    <subfield code="7">0</subfield>
    <subfield code="a">BCEJYS</subfield>
    <subfield code="b">BCEJYS</subfield>
    <subfield code="c">17</subfield>
    <subfield code="d">2009-08-01</subfield>
    <subfield code="h">A&#xF1;o 5, N&#xBA; 55 - ago. 2009</subfield>
    <subfield code="l">0</subfield>
    <subfield code="o">H65 EMP 55</subfield>
    <subfield code="p">R02335</subfield>
    <subfield code="r">2026-04-10 16:06:06</subfield>
    <subfield code="w">2026-04-10</subfield>
    <subfield code="y">RN</subfield>
  </datafield>
  <datafield tag="952" ind1=" " ind2=" ">
    <subfield code="0">0</subfield>
    <subfield code="1">0</subfield>
    <subfield code="4">0</subfield>
    <subfield code="7">0</subfield>
    <subfield code="a">BCEJYS</subfield>
    <subfield code="b">BCEJYS</subfield>
    <subfield code="c">17</subfield>
    <subfield code="d">2009-07-01</subfield>
    <subfield code="h">A&#xF1;o 5, N&#xBA; 54 - jul. 2009</subfield>
    <subfield code="l">0</subfield>
    <subfield code="o">H65 EMP 54</subfield>
    <subfield code="p">R02322</subfield>
    <subfield code="r">2026-04-10 16:06:06</subfield>
    <subfield code="w">2026-04-10</subfield>
    <subfield code="y">RN</subfield>
  </datafield>
  <datafield tag="952" ind1=" " ind2=" ">
    <subfield code="0">0</subfield>
    <subfield code="1">0</subfield>
    <subfield code="4">0</subfield>
    <subfield code="7">0</subfield>
    <subfield code="a">BCEJYS</subfield>
    <subfield code="b">BCEJYS</subfield>
    <subfield code="c">17</subfield>
    <subfield code="d">2009-06-01</subfield>
    <subfield code="h">A&#xF1;o 5, N&#xBA; 53 - jun. 2009</subfield>
    <subfield code="l">0</subfield>
    <subfield code="o">H65 EMP 53</subfield>
    <subfield code="p">R02299</subfield>
    <subfield code="r">2026-04-10 16:06:06</subfield>
    <subfield code="w">2026-04-10</subfield>
    <subfield code="y">RN</subfield>
  </datafield>
  <datafield tag="952" ind1=" " ind2=" ">
    <subfield code="0">0</subfield>
    <subfield code="1">0</subfield>
    <subfield code="4">0</subfield>
    <subfield code="7">0</subfield>
    <subfield code="a">BCEJYS</subfield>
    <subfield code="b">BCEJYS</subfield>
    <subfield code="c">17</subfield>
    <subfield code="d">2009-05-01</subfield>
    <subfield code="h">A&#xF1;o 5, N&#xBA; 52 - may. 2009</subfield>
    <subfield code="l">0</subfield>
    <subfield code="o">H65 EMP 52</subfield>
    <subfield code="p">R02298</subfield>
    <subfield code="r">2026-04-10 16:06:06</subfield>
    <subfield code="w">2026-04-10</subfield>
    <subfield code="y">RN</subfield>
  </datafield>
  <datafield tag="952" ind1=" " ind2=" ">
    <subfield code="0">0</subfield>
    <subfield code="1">0</subfield>
    <subfield code="4">0</subfield>
    <subfield code="7">0</subfield>
    <subfield code="a">BCEJYS</subfield>
    <subfield code="b">BCEJYS</subfield>
    <subfield code="c">17</subfield>
    <subfield code="d">2009-04-01</subfield>
    <subfield code="h">A&#xF1;o 5, N&#xBA; 51 - abr. 2009</subfield>
    <subfield code="l">0</subfield>
    <subfield code="o">H65 EMP 51</subfield>
    <subfield code="p">R02204</subfield>
    <subfield code="r">2026-04-10 16:06:06</subfield>
    <subfield code="w">2026-04-10</subfield>
    <subfield code="y">RN</subfield>
  </datafield>
  <datafield tag="952" ind1=" " ind2=" ">
    <subfield code="0">0</subfield>
    <subfield code="1">0</subfield>
    <subfield code="4">0</subfield>
    <subfield code="7">0</subfield>
    <subfield code="a">BCEJYS</subfield>
    <subfield code="b">BCEJYS</subfield>
    <subfield code="c">17</subfield>
    <subfield code="d">2009-03-01</subfield>
    <subfield code="h">A&#xF1;o 5, N&#xBA; 50 - mar. 2009</subfield>
    <subfield code="l">0</subfield>
    <subfield code="o">H65 EMP 50</subfield>
    <subfield code="p">R02293</subfield>
    <subfield code="r">2026-04-10 16:06:06</subfield>
    <subfield code="w">2026-04-10</subfield>
    <subfield code="y">RN</subfield>
  </datafield>
  <datafield tag="952" ind1=" " ind2=" ">
    <subfield code="0">0</subfield>
    <subfield code="1">0</subfield>
    <subfield code="4">0</subfield>
    <subfield code="7">0</subfield>
    <subfield code="a">BCEJYS</subfield>
    <subfield code="b">BCEJYS</subfield>
    <subfield code="c">17</subfield>
    <subfield code="d">2008-11-01</subfield>
    <subfield code="h">A&#xF1;o 4, N&#xBA; 48 - nov. 2008</subfield>
    <subfield code="l">0</subfield>
    <subfield code="o">H65 EMP 48</subfield>
    <subfield code="p">R02241</subfield>
    <subfield code="r">2026-04-10 16:06:06</subfield>
    <subfield code="w">2026-04-10</subfield>
    <subfield code="y">RN</subfield>
  </datafield>
  <datafield tag="952" ind1=" " ind2=" ">
    <subfield code="0">0</subfield>
    <subfield code="1">0</subfield>
    <subfield code="4">0</subfield>
    <subfield code="7">0</subfield>
    <subfield code="a">BCEJYS</subfield>
    <subfield code="b">BCEJYS</subfield>
    <subfield code="c">17</subfield>
    <subfield code="d">2008-10-01</subfield>
    <subfield code="h">A&#xF1;o 4, N&#xBA; 47 - oct. 2008</subfield>
    <subfield code="l">0</subfield>
    <subfield code="o">H65 EMP 47</subfield>
    <subfield code="p">R02216</subfield>
    <subfield code="r">2026-04-10 16:06:06</subfield>
    <subfield code="w">2026-04-10</subfield>
    <subfield code="y">RN</subfield>
  </datafield>
  <datafield tag="952" ind1=" " ind2=" ">
    <subfield code="0">0</subfield>
    <subfield code="1">0</subfield>
    <subfield code="4">0</subfield>
    <subfield code="7">0</subfield>
    <subfield code="a">BCEJYS</subfield>
    <subfield code="b">BCEJYS</subfield>
    <subfield code="c">17</subfield>
    <subfield code="d">2008-09-01</subfield>
    <subfield code="h">A&#xF1;o 4, N&#xBA; 46 - sep. 2008</subfield>
    <subfield code="l">0</subfield>
    <subfield code="o">H65 EMP 46</subfield>
    <subfield code="p">R02215</subfield>
    <subfield code="r">2026-04-10 16:06:06</subfield>
    <subfield code="w">2026-04-10</subfield>
    <subfield code="y">RN</subfield>
  </datafield>
  <datafield tag="952" ind1=" " ind2=" ">
    <subfield code="0">0</subfield>
    <subfield code="1">0</subfield>
    <subfield code="4">0</subfield>
    <subfield code="7">0</subfield>
    <subfield code="a">BCEJYS</subfield>
    <subfield code="b">BCEJYS</subfield>
    <subfield code="c">17</subfield>
    <subfield code="d">2008-08-01</subfield>
    <subfield code="h">A&#xF1;o 4, N&#xBA; 45 - Ago. 2008</subfield>
    <subfield code="l">0</subfield>
    <subfield code="o">H65 EMP 45</subfield>
    <subfield code="p">R02203</subfield>
    <subfield code="r">2026-04-10 16:06:06</subfield>
    <subfield code="w">2026-04-10</subfield>
    <subfield code="y">RN</subfield>
  </datafield>
  <datafield tag="952" ind1=" " ind2=" ">
    <subfield code="0">0</subfield>
    <subfield code="1">0</subfield>
    <subfield code="4">0</subfield>
    <subfield code="7">0</subfield>
    <subfield code="a">BCEJYS</subfield>
    <subfield code="b">BCEJYS</subfield>
    <subfield code="c">17</subfield>
    <subfield code="d">2008-07-01</subfield>
    <subfield code="h">A&#xF1;o 4, N&#xBA; 44 - jul. 2008</subfield>
    <subfield code="l">0</subfield>
    <subfield code="o">H65 EMP 44</subfield>
    <subfield code="p">R02186</subfield>
    <subfield code="r">2026-04-10 16:06:06</subfield>
    <subfield code="w">2026-04-10</subfield>
    <subfield code="y">RN</subfield>
  </datafield>
  <datafield tag="952" ind1=" " ind2=" ">
    <subfield code="0">0</subfield>
    <subfield code="1">0</subfield>
    <subfield code="4">0</subfield>
    <subfield code="7">0</subfield>
    <subfield code="a">BCEJYS</subfield>
    <subfield code="b">BCEJYS</subfield>
    <subfield code="c">17</subfield>
    <subfield code="d">2008-06-01</subfield>
    <subfield code="h">A&#xF1;o 4, N&#xBA; 43 - jun. 2008</subfield>
    <subfield code="l">0</subfield>
    <subfield code="o">H65 EMP 43</subfield>
    <subfield code="p">R02202</subfield>
    <subfield code="r">2026-04-10 16:06:06</subfield>
    <subfield code="w">2026-04-10</subfield>
    <subfield code="y">RN</subfield>
  </datafield>
  <datafield tag="952" ind1=" " ind2=" ">
    <subfield code="0">0</subfield>
    <subfield code="1">0</subfield>
    <subfield code="4">0</subfield>
    <subfield code="7">0</subfield>
    <subfield code="a">BCEJYS</subfield>
    <subfield code="b">BCEJYS</subfield>
    <subfield code="c">17</subfield>
    <subfield code="d">2008-05-01</subfield>
    <subfield code="h">A&#xF1;o 4, N&#xBA; 42 - may. 2008</subfield>
    <subfield code="l">0</subfield>
    <subfield code="o">H65 EMP 42</subfield>
    <subfield code="p">R02166</subfield>
    <subfield code="r">2026-04-10 16:06:06</subfield>
    <subfield code="w">2026-04-10</subfield>
    <subfield code="y">RN</subfield>
  </datafield>
  <datafield tag="952" ind1=" " ind2=" ">
    <subfield code="0">0</subfield>
    <subfield code="1">0</subfield>
    <subfield code="4">0</subfield>
    <subfield code="7">0</subfield>
    <subfield code="a">BCEJYS</subfield>
    <subfield code="b">BCEJYS</subfield>
    <subfield code="c">17</subfield>
    <subfield code="d">2008-04-01</subfield>
    <subfield code="h">A&#xF1;o 4, N&#xBA; 41 - abr. 2008</subfield>
    <subfield code="l">0</subfield>
    <subfield code="o">H65 EMP 41</subfield>
    <subfield code="p">R02154</subfield>
    <subfield code="r">2026-04-10 16:06:06</subfield>
    <subfield code="w">2026-04-10</subfield>
    <subfield code="y">RN</subfield>
  </datafield>
  <datafield tag="952" ind1=" " ind2=" ">
    <subfield code="0">0</subfield>
    <subfield code="1">0</subfield>
    <subfield code="4">0</subfield>
    <subfield code="7">0</subfield>
    <subfield code="a">BCEJYS</subfield>
    <subfield code="b">BCEJYS</subfield>
    <subfield code="c">17</subfield>
    <subfield code="d">2008-03-01</subfield>
    <subfield code="h">A&#xF1;o 4, N&#xBA; 40 - mar. 2008</subfield>
    <subfield code="l">0</subfield>
    <subfield code="o">H65 EMP 40</subfield>
    <subfield code="p">R02148</subfield>
    <subfield code="r">2026-04-10 16:06:06</subfield>
    <subfield code="w">2026-04-10</subfield>
    <subfield code="y">RN</subfield>
  </datafield>
  <datafield tag="952" ind1=" " ind2=" ">
    <subfield code="0">0</subfield>
    <subfield code="1">0</subfield>
    <subfield code="4">0</subfield>
    <subfield code="7">0</subfield>
    <subfield code="a">BCEJYS</subfield>
    <subfield code="b">BCEJYS</subfield>
    <subfield code="c">17</subfield>
    <subfield code="d">2007-12-01</subfield>
    <subfield code="h">A&#xF1;o 4, N&#xBA; 39 - dic. 2007</subfield>
    <subfield code="l">0</subfield>
    <subfield code="o">H65 EMP 39</subfield>
    <subfield code="p">R01625</subfield>
    <subfield code="r">2026-04-10 16:06:06</subfield>
    <subfield code="w">2026-04-10</subfield>
    <subfield code="y">RN</subfield>
  </datafield>
  <datafield tag="952" ind1=" " ind2=" ">
    <subfield code="0">0</subfield>
    <subfield code="1">0</subfield>
    <subfield code="4">0</subfield>
    <subfield code="7">0</subfield>
    <subfield code="a">BCEJYS</subfield>
    <subfield code="b">BCEJYS</subfield>
    <subfield code="c">17</subfield>
    <subfield code="d">2007-11-01</subfield>
    <subfield code="h">A&#xF1;o 4, N&#xBA; 38 - nov. 2007</subfield>
    <subfield code="l">0</subfield>
    <subfield code="o">H65 EMP 38</subfield>
    <subfield code="p">R02120</subfield>
    <subfield code="r">2026-04-10 16:06:06</subfield>
    <subfield code="w">2026-04-10</subfield>
    <subfield code="y">RN</subfield>
  </datafield>
  <datafield tag="952" ind1=" " ind2=" ">
    <subfield code="0">0</subfield>
    <subfield code="1">0</subfield>
    <subfield code="4">0</subfield>
    <subfield code="7">0</subfield>
    <subfield code="a">BCEJYS</subfield>
    <subfield code="b">BCEJYS</subfield>
    <subfield code="c">17</subfield>
    <subfield code="d">2007-10-01</subfield>
    <subfield code="h">A&#xF1;o 4, N&#xBA; 37 - oct. 2007</subfield>
    <subfield code="l">0</subfield>
    <subfield code="o">H65 EMP 37</subfield>
    <subfield code="p">R02089</subfield>
    <subfield code="r">2026-04-10 16:06:06</subfield>
    <subfield code="w">2026-04-10</subfield>
    <subfield code="y">RN</subfield>
  </datafield>
  <datafield tag="952" ind1=" " ind2=" ">
    <subfield code="0">0</subfield>
    <subfield code="1">0</subfield>
    <subfield code="4">0</subfield>
    <subfield code="7">0</subfield>
    <subfield code="a">BCEJYS</subfield>
    <subfield code="b">BCEJYS</subfield>
    <subfield code="c">17</subfield>
    <subfield code="d">2007-09-01</subfield>
    <subfield code="h">A&#xF1;o 4, N&#xBA; 36 - sep. 2007</subfield>
    <subfield code="l">0</subfield>
    <subfield code="o">H65 EMP 36</subfield>
    <subfield code="p">R02081</subfield>
    <subfield code="r">2026-04-10 16:06:06</subfield>
    <subfield code="w">2026-04-10</subfield>
    <subfield code="y">RN</subfield>
  </datafield>
  <datafield tag="952" ind1=" " ind2=" ">
    <subfield code="0">0</subfield>
    <subfield code="1">0</subfield>
    <subfield code="4">0</subfield>
    <subfield code="7">0</subfield>
    <subfield code="a">BCEJYS</subfield>
    <subfield code="b">BCEJYS</subfield>
    <subfield code="c">17</subfield>
    <subfield code="d">2007-08-01</subfield>
    <subfield code="h">A&#xF1;o 4, N&#xBA; 35 - ago. 2007</subfield>
    <subfield code="l">0</subfield>
    <subfield code="o">H65 EMP 35</subfield>
    <subfield code="p">R02080</subfield>
    <subfield code="r">2026-04-10 16:06:06</subfield>
    <subfield code="w">2026-04-10</subfield>
    <subfield code="y">RN</subfield>
  </datafield>
  <datafield tag="952" ind1=" " ind2=" ">
    <subfield code="0">0</subfield>
    <subfield code="1">0</subfield>
    <subfield code="4">0</subfield>
    <subfield code="7">0</subfield>
    <subfield code="a">BCEJYS</subfield>
    <subfield code="b">BCEJYS</subfield>
    <subfield code="c">17</subfield>
    <subfield code="d">2007-07-01</subfield>
    <subfield code="h">A&#xF1;o 4, N&#xBA; 34 - jul. 2007</subfield>
    <subfield code="l">0</subfield>
    <subfield code="o">H65 EMP 34</subfield>
    <subfield code="p">R01642</subfield>
    <subfield code="r">2026-04-10 16:06:06</subfield>
    <subfield code="w">2026-04-10</subfield>
    <subfield code="y">RN</subfield>
  </datafield>
  <datafield tag="952" ind1=" " ind2=" ">
    <subfield code="0">0</subfield>
    <subfield code="1">0</subfield>
    <subfield code="4">0</subfield>
    <subfield code="7">0</subfield>
    <subfield code="a">BCEJYS</subfield>
    <subfield code="b">BCEJYS</subfield>
    <subfield code="c">17</subfield>
    <subfield code="d">2007-06-01</subfield>
    <subfield code="h">A&#xF1;o 3, N&#xBA; 33 - jun. 2007</subfield>
    <subfield code="l">0</subfield>
    <subfield code="o">H65 EMP 33</subfield>
    <subfield code="p">R02043</subfield>
    <subfield code="r">2026-04-10 16:06:06</subfield>
    <subfield code="w">2026-04-10</subfield>
    <subfield code="y">RN</subfield>
  </datafield>
  <datafield tag="952" ind1=" " ind2=" ">
    <subfield code="0">0</subfield>
    <subfield code="1">0</subfield>
    <subfield code="4">0</subfield>
    <subfield code="7">0</subfield>
    <subfield code="a">BCEJYS</subfield>
    <subfield code="b">BCEJYS</subfield>
    <subfield code="c">17</subfield>
    <subfield code="d">2007-05-01</subfield>
    <subfield code="h">A&#xF1;o 3, N&#xBA; 32 - may. 2007</subfield>
    <subfield code="l">0</subfield>
    <subfield code="o">H65 EMP 32</subfield>
    <subfield code="p">R02006</subfield>
    <subfield code="r">2026-04-10 16:06:06</subfield>
    <subfield code="w">2026-04-10</subfield>
    <subfield code="y">RN</subfield>
  </datafield>
  <datafield tag="952" ind1=" " ind2=" ">
    <subfield code="0">0</subfield>
    <subfield code="1">0</subfield>
    <subfield code="4">0</subfield>
    <subfield code="7">0</subfield>
    <subfield code="a">BCEJYS</subfield>
    <subfield code="b">BCEJYS</subfield>
    <subfield code="c">17</subfield>
    <subfield code="d">2007-04-01</subfield>
    <subfield code="h">A&#xF1;o 3, N&#xBA; 31 - abr. 2007</subfield>
    <subfield code="l">0</subfield>
    <subfield code="o">H65 EMP 31</subfield>
    <subfield code="p">R01969</subfield>
    <subfield code="r">2026-04-10 16:06:06</subfield>
    <subfield code="w">2026-04-10</subfield>
    <subfield code="y">RN</subfield>
  </datafield>
  <datafield tag="952" ind1=" " ind2=" ">
    <subfield code="0">0</subfield>
    <subfield code="1">0</subfield>
    <subfield code="4">0</subfield>
    <subfield code="7">0</subfield>
    <subfield code="a">BCEJYS</subfield>
    <subfield code="b">BCEJYS</subfield>
    <subfield code="c">17</subfield>
    <subfield code="d">2007-03-01</subfield>
    <subfield code="h">A&#xF1;o 2, N&#xBA; 30 - mar. 2007</subfield>
    <subfield code="l">0</subfield>
    <subfield code="o">H65 EMP 30</subfield>
    <subfield code="p">R01970</subfield>
    <subfield code="r">2026-04-10 16:06:06</subfield>
    <subfield code="w">2026-04-10</subfield>
    <subfield code="y">RN</subfield>
  </datafield>
  <datafield tag="952" ind1=" " ind2=" ">
    <subfield code="0">0</subfield>
    <subfield code="1">0</subfield>
    <subfield code="4">0</subfield>
    <subfield code="7">0</subfield>
    <subfield code="a">BCEJYS</subfield>
    <subfield code="b">BCEJYS</subfield>
    <subfield code="c">17</subfield>
    <subfield code="d">2007-02-01</subfield>
    <subfield code="h">A&#xF1;o 2, N&#xBA; 29 - feb. 2007</subfield>
    <subfield code="l">0</subfield>
    <subfield code="o">H65 EMP 29</subfield>
    <subfield code="p">R02007</subfield>
    <subfield code="r">2026-04-10 16:06:06</subfield>
    <subfield code="w">2026-04-10</subfield>
    <subfield code="y">RN</subfield>
  </datafield>
  <datafield tag="952" ind1=" " ind2=" ">
    <subfield code="0">0</subfield>
    <subfield code="1">0</subfield>
    <subfield code="4">0</subfield>
    <subfield code="7">0</subfield>
    <subfield code="a">BCEJYS</subfield>
    <subfield code="b">BCEJYS</subfield>
    <subfield code="c">17</subfield>
    <subfield code="d">2006-12-01</subfield>
    <subfield code="h">A&#xF1;o 3, N&#xBA; 28 - dic. 2006</subfield>
    <subfield code="l">0</subfield>
    <subfield code="o">H65 EMP 28</subfield>
    <subfield code="p">R01968</subfield>
    <subfield code="r">2026-04-10 16:06:06</subfield>
    <subfield code="w">2026-04-10</subfield>
    <subfield code="y">RN</subfield>
  </datafield>
  <datafield tag="952" ind1=" " ind2=" ">
    <subfield code="0">0</subfield>
    <subfield code="1">0</subfield>
    <subfield code="4">0</subfield>
    <subfield code="7">0</subfield>
    <subfield code="a">BCEJYS</subfield>
    <subfield code="b">BCEJYS</subfield>
    <subfield code="c">17</subfield>
    <subfield code="d">2006-11-01</subfield>
    <subfield code="h">A&#xF1;o 3, N&#xBA; 27 - nov. 2006</subfield>
    <subfield code="l">0</subfield>
    <subfield code="o">H65 EMP 27</subfield>
    <subfield code="p">R01941</subfield>
    <subfield code="r">2026-04-10 16:06:06</subfield>
    <subfield code="w">2026-04-10</subfield>
    <subfield code="y">RN</subfield>
  </datafield>
  <datafield tag="952" ind1=" " ind2=" ">
    <subfield code="0">0</subfield>
    <subfield code="1">0</subfield>
    <subfield code="4">0</subfield>
    <subfield code="7">0</subfield>
    <subfield code="a">BCEJYS</subfield>
    <subfield code="b">BCEJYS</subfield>
    <subfield code="c">17</subfield>
    <subfield code="d">2006-10-01</subfield>
    <subfield code="h">A&#xF1;o 3, N&#xBA; 26 - oct. 2006</subfield>
    <subfield code="l">0</subfield>
    <subfield code="o">H65 EMP 26</subfield>
    <subfield code="p">R01925</subfield>
    <subfield code="r">2026-04-10 16:06:06</subfield>
    <subfield code="w">2026-04-10</subfield>
    <subfield code="y">RN</subfield>
  </datafield>
  <datafield tag="952" ind1=" " ind2=" ">
    <subfield code="0">0</subfield>
    <subfield code="1">0</subfield>
    <subfield code="4">0</subfield>
    <subfield code="7">0</subfield>
    <subfield code="a">BCEJYS</subfield>
    <subfield code="b">BCEJYS</subfield>
    <subfield code="c">17</subfield>
    <subfield code="d">2006-09-01</subfield>
    <subfield code="h">A&#xF1;o 3, N&#xBA; 25 - sep. 2006</subfield>
    <subfield code="l">0</subfield>
    <subfield code="o">H65 EMP 25</subfield>
    <subfield code="p">R01937</subfield>
    <subfield code="r">2026-04-10 16:06:06</subfield>
    <subfield code="w">2026-04-10</subfield>
    <subfield code="y">RN</subfield>
  </datafield>
  <datafield tag="952" ind1=" " ind2=" ">
    <subfield code="0">0</subfield>
    <subfield code="1">0</subfield>
    <subfield code="4">0</subfield>
    <subfield code="7">0</subfield>
    <subfield code="a">BCEJYS</subfield>
    <subfield code="b">BCEJYS</subfield>
    <subfield code="c">17</subfield>
    <subfield code="d">2006-08-01</subfield>
    <subfield code="h">A&#xF1;o 3, N&#xBA; 24 - ago. 2006</subfield>
    <subfield code="l">0</subfield>
    <subfield code="o">H65 EMP 24</subfield>
    <subfield code="p">R01910</subfield>
    <subfield code="r">2026-04-10 16:06:06</subfield>
    <subfield code="w">2026-04-10</subfield>
    <subfield code="y">RN</subfield>
  </datafield>
  <datafield tag="952" ind1=" " ind2=" ">
    <subfield code="0">0</subfield>
    <subfield code="1">0</subfield>
    <subfield code="4">0</subfield>
    <subfield code="7">0</subfield>
    <subfield code="a">BCEJYS</subfield>
    <subfield code="b">BCEJYS</subfield>
    <subfield code="c">17</subfield>
    <subfield code="d">2006-07-01</subfield>
    <subfield code="h">A&#xF1;o 3, N&#xBA; 23 - jul. 2006</subfield>
    <subfield code="l">0</subfield>
    <subfield code="o">H65 EMP 23</subfield>
    <subfield code="p">R01848</subfield>
    <subfield code="r">2026-04-10 16:06:06</subfield>
    <subfield code="w">2026-04-10</subfield>
    <subfield code="y">RN</subfield>
  </datafield>
  <datafield tag="952" ind1=" " ind2=" ">
    <subfield code="0">0</subfield>
    <subfield code="1">0</subfield>
    <subfield code="4">0</subfield>
    <subfield code="7">0</subfield>
    <subfield code="a">BCEJYS</subfield>
    <subfield code="b">BCEJYS</subfield>
    <subfield code="c">17</subfield>
    <subfield code="d">2006-04-01</subfield>
    <subfield code="h">A&#xF1;o 3, N&#xBA; 20 - abr. 2006</subfield>
    <subfield code="l">0</subfield>
    <subfield code="o">H65 EMP 20</subfield>
    <subfield code="p">R01787</subfield>
    <subfield code="r">2026-04-10 16:06:06</subfield>
    <subfield code="w">2026-04-10</subfield>
    <subfield code="y">RN</subfield>
  </datafield>
  <datafield tag="952" ind1=" " ind2=" ">
    <subfield code="0">0</subfield>
    <subfield code="1">0</subfield>
    <subfield code="4">0</subfield>
    <subfield code="7">0</subfield>
    <subfield code="a">BCEJYS</subfield>
    <subfield code="b">BCEJYS</subfield>
    <subfield code="c">17</subfield>
    <subfield code="d">2006-03-01</subfield>
    <subfield code="h">A&#xF1;o 3, N&#xBA; 19 - mar. 2006</subfield>
    <subfield code="l">0</subfield>
    <subfield code="o">H65 EMP 19</subfield>
    <subfield code="p">R01722</subfield>
    <subfield code="r">2026-04-10 16:06:06</subfield>
    <subfield code="w">2026-04-10</subfield>
    <subfield code="y">RN</subfield>
  </datafield>
  <datafield tag="952" ind1=" " ind2=" ">
    <subfield code="0">0</subfield>
    <subfield code="1">0</subfield>
    <subfield code="4">0</subfield>
    <subfield code="7">0</subfield>
    <subfield code="a">BCEJYS</subfield>
    <subfield code="b">BCEJYS</subfield>
    <subfield code="c">17</subfield>
    <subfield code="d">2005-12-01</subfield>
    <subfield code="h">A&#xF1;o 2, N&#xBA; 18 - dic. 2005</subfield>
    <subfield code="l">0</subfield>
    <subfield code="o">H65 EMP 18</subfield>
    <subfield code="p">R01697</subfield>
    <subfield code="r">2026-04-10 16:06:06</subfield>
    <subfield code="w">2026-04-10</subfield>
    <subfield code="y">RN</subfield>
  </datafield>
  <datafield tag="952" ind1=" " ind2=" ">
    <subfield code="0">0</subfield>
    <subfield code="1">0</subfield>
    <subfield code="4">0</subfield>
    <subfield code="7">0</subfield>
    <subfield code="a">BCEJYS</subfield>
    <subfield code="b">BCEJYS</subfield>
    <subfield code="c">17</subfield>
    <subfield code="d">2005-11-01</subfield>
    <subfield code="h">A&#xF1;o 2, N&#xBA; 17 - nov. 2005</subfield>
    <subfield code="l">0</subfield>
    <subfield code="o">H65 EMP 17</subfield>
    <subfield code="p">R01640</subfield>
    <subfield code="r">2026-04-10 16:06:06</subfield>
    <subfield code="w">2026-04-10</subfield>
    <subfield code="y">RN</subfield>
  </datafield>
  <datafield tag="952" ind1=" " ind2=" ">
    <subfield code="0">0</subfield>
    <subfield code="1">0</subfield>
    <subfield code="4">0</subfield>
    <subfield code="7">0</subfield>
    <subfield code="a">BCEJYS</subfield>
    <subfield code="b">BCEJYS</subfield>
    <subfield code="c">17</subfield>
    <subfield code="d">2005-10-01</subfield>
    <subfield code="h">A&#xF1;o 2, N&#xBA; 16 - oct. 2005</subfield>
    <subfield code="l">0</subfield>
    <subfield code="o">H65 EMP 16</subfield>
    <subfield code="p">R01687</subfield>
    <subfield code="r">2026-04-10 16:06:06</subfield>
    <subfield code="w">2026-04-10</subfield>
    <subfield code="y">RN</subfield>
  </datafield>
  <datafield tag="952" ind1=" " ind2=" ">
    <subfield code="0">0</subfield>
    <subfield code="1">0</subfield>
    <subfield code="4">0</subfield>
    <subfield code="7">0</subfield>
    <subfield code="a">BCEJYS</subfield>
    <subfield code="b">BCEJYS</subfield>
    <subfield code="c">17</subfield>
    <subfield code="d">2005-06-01</subfield>
    <subfield code="h">A&#xF1;o 2, N&#xBA; 12 - jun. 2005</subfield>
    <subfield code="l">0</subfield>
    <subfield code="o">H65 EMP 12</subfield>
    <subfield code="p">R01106</subfield>
    <subfield code="r">2026-04-10 16:06:06</subfield>
    <subfield code="w">2026-04-10</subfield>
    <subfield code="y">RN</subfield>
  </datafield>
  <datafield tag="952" ind1=" " ind2=" ">
    <subfield code="0">0</subfield>
    <subfield code="1">0</subfield>
    <subfield code="4">0</subfield>
    <subfield code="7">0</subfield>
    <subfield code="a">BCEJYS</subfield>
    <subfield code="b">BCEJYS</subfield>
    <subfield code="c">17</subfield>
    <subfield code="d">2005-05-01</subfield>
    <subfield code="h">A&#xF1;o 2, N&#xBA; 11 - may. 2005</subfield>
    <subfield code="l">0</subfield>
    <subfield code="o">H65 EMP 11</subfield>
    <subfield code="p">R00113</subfield>
    <subfield code="r">2026-04-10 16:06:06</subfield>
    <subfield code="w">2026-04-10</subfield>
    <subfield code="y">RN</subfield>
  </datafield>
  <datafield tag="952" ind1=" " ind2=" ">
    <subfield code="0">0</subfield>
    <subfield code="1">0</subfield>
    <subfield code="4">0</subfield>
    <subfield code="7">0</subfield>
    <subfield code="a">BCEJYS</subfield>
    <subfield code="b">BCEJYS</subfield>
    <subfield code="c">17</subfield>
    <subfield code="d">2005-04-01</subfield>
    <subfield code="h">A&#xF1;o 2, N&#xBA; 10 - abr. 2005</subfield>
    <subfield code="l">0</subfield>
    <subfield code="o">H65 EMP 10</subfield>
    <subfield code="p">R00057</subfield>
    <subfield code="r">2026-04-10 16:06:06</subfield>
    <subfield code="w">2026-04-10</subfield>
    <subfield code="y">RN</subfield>
  </datafield>
  <datafield tag="952" ind1=" " ind2=" ">
    <subfield code="0">0</subfield>
    <subfield code="1">0</subfield>
    <subfield code="4">0</subfield>
    <subfield code="7">0</subfield>
    <subfield code="a">BCEJYS</subfield>
    <subfield code="b">BCEJYS</subfield>
    <subfield code="c">17</subfield>
    <subfield code="d">2005-03-01</subfield>
    <subfield code="h">A&#xF1;o 2, N&#xBA; 9 - mar. 2005</subfield>
    <subfield code="l">0</subfield>
    <subfield code="o">H65 EMP 9</subfield>
    <subfield code="p">R00056</subfield>
    <subfield code="r">2026-04-10 16:06:06</subfield>
    <subfield code="w">2026-04-10</subfield>
    <subfield code="y">RN</subfield>
  </datafield>
  <datafield tag="952" ind1=" " ind2=" ">
    <subfield code="0">0</subfield>
    <subfield code="1">0</subfield>
    <subfield code="4">0</subfield>
    <subfield code="7">0</subfield>
    <subfield code="a">BCEJYS</subfield>
    <subfield code="b">BCEJYS</subfield>
    <subfield code="c">17</subfield>
    <subfield code="d">2005-02-01</subfield>
    <subfield code="h">A&#xF1;o 2, N&#xBA; 8 - feb. 2005</subfield>
    <subfield code="l">0</subfield>
    <subfield code="o">H65 EMP 8</subfield>
    <subfield code="p">R00055</subfield>
    <subfield code="r">2026-04-10 16:06:06</subfield>
    <subfield code="w">2026-04-10</subfield>
    <subfield code="y">RN</subfield>
  </datafield>
  <datafield tag="952" ind1=" " ind2=" ">
    <subfield code="0">0</subfield>
    <subfield code="1">0</subfield>
    <subfield code="4">0</subfield>
    <subfield code="7">0</subfield>
    <subfield code="a">BCEJYS</subfield>
    <subfield code="b">BCEJYS</subfield>
    <subfield code="c">17</subfield>
    <subfield code="d">2004-10-01</subfield>
    <subfield code="h">A&#xF1;o 1, N&#xBA; 5 - oct. 2004</subfield>
    <subfield code="l">0</subfield>
    <subfield code="o">H65 EMP 5</subfield>
    <subfield code="p">R00054</subfield>
    <subfield code="r">2026-04-10 16:06:06</subfield>
    <subfield code="w">2026-04-10</subfield>
    <subfield code="y">RN</subfield>
  </datafield>
  <datafield tag="952" ind1=" " ind2=" ">
    <subfield code="0">0</subfield>
    <subfield code="1">0</subfield>
    <subfield code="4">0</subfield>
    <subfield code="7">0</subfield>
    <subfield code="a">BCEJYS</subfield>
    <subfield code="b">BCEJYS</subfield>
    <subfield code="c">17</subfield>
    <subfield code="d">2004-09-01</subfield>
    <subfield code="h">A&#xF1;o 1, N&#xBA; 4 - sep. 2004</subfield>
    <subfield code="l">0</subfield>
    <subfield code="o">H65 EMP 4</subfield>
    <subfield code="p">R00053</subfield>
    <subfield code="r">2026-04-10 16:06:06</subfield>
    <subfield code="w">2026-04-10</subfield>
    <subfield code="y">RN</subfield>
  </datafield>
  <datafield tag="952" ind1=" " ind2=" ">
    <subfield code="0">0</subfield>
    <subfield code="1">0</subfield>
    <subfield code="4">0</subfield>
    <subfield code="7">0</subfield>
    <subfield code="a">BCEJYS</subfield>
    <subfield code="b">BCEJYS</subfield>
    <subfield code="c">17</subfield>
    <subfield code="d">2004-08-01</subfield>
    <subfield code="h">A&#xF1;o 1, N&#xBA; 3 - ago. 2004</subfield>
    <subfield code="l">0</subfield>
    <subfield code="o">H65 EMP 3</subfield>
    <subfield code="p">R00052</subfield>
    <subfield code="r">2026-04-10 16:06:06</subfield>
    <subfield code="w">2026-04-10</subfield>
    <subfield code="y">RN</subfield>
  </datafield>
  <datafield tag="952" ind1=" " ind2=" ">
    <subfield code="0">0</subfield>
    <subfield code="1">0</subfield>
    <subfield code="4">0</subfield>
    <subfield code="7">0</subfield>
    <subfield code="a">BCEJYS</subfield>
    <subfield code="b">BCEJYS</subfield>
    <subfield code="c">17</subfield>
    <subfield code="d">2004-07-01</subfield>
    <subfield code="h">A&#xF1;o 1, N&#xBA; 2 - jul. 2004</subfield>
    <subfield code="l">0</subfield>
    <subfield code="o">H65 EMP 2</subfield>
    <subfield code="p">R00051</subfield>
    <subfield code="r">2026-04-10 16:06:06</subfield>
    <subfield code="w">2026-04-10</subfield>
    <subfield code="y">RN</subfield>
  </datafield>
  <datafield tag="952" ind1=" " ind2=" ">
    <subfield code="0">0</subfield>
    <subfield code="1">0</subfield>
    <subfield code="4">0</subfield>
    <subfield code="7">0</subfield>
    <subfield code="a">BCEJYS</subfield>
    <subfield code="b">BCEJYS</subfield>
    <subfield code="c">17</subfield>
    <subfield code="d">2004-06-01</subfield>
    <subfield code="h">A&#xF1;o 1, N&#xBA; 1 - jun. 2004</subfield>
    <subfield code="l">0</subfield>
    <subfield code="o">H65 EMP 1</subfield>
    <subfield code="p">R01554</subfield>
    <subfield code="r">2026-04-10 16:06:06</subfield>
    <subfield code="w">2026-04-10</subfield>
    <subfield code="y">RN</subfield>
  </datafield>
</record>
